Autobiografía: memorias de ultratumba
Uloženo v:
| Hlavní autor: | |
|---|---|
| Médium: | Kniha |
| Jazyk: | španělština |
| Vydáno: |
Barcelona
Maucci
1947
|
| Vydání: | 1a. ed |
| Témata: | |
| Tagy: |
Přidat tag
Žádné tagy, Buďte první, kdo vytvoří štítek k tomuto záznamu!
|
MARC
| LEADER | 00000cam a2200000 a 4500 | ||
|---|---|---|---|
| 001 | UCD2331 | ||
| 003 | CL-VaPUC | ||
| 008 | 160421e19471000sp |||||||||||||||||spa|d | ||
| 082 | 0 | 4 | |a 840 |b CHA |2 21 |
| 100 | 0 | |a Chateaubriand, Francois Renate |e author |9 338716 | |
| 245 | 1 | 0 | |a Autobiografía: memorias de ultratumba |
| 250 | |a 1a. ed | ||
| 300 | |a 565 p | ||
| 942 | |c BK | ||
| 945 | |d 20160421 23:07:00 |a arojas | ||
| 260 | |a Barcelona |b Maucci |c 1947 | ||
| 650 | 0 | |a Autobiografías |9 265171 | |
| 650 | 0 | |a Literatura francesa |9 266330 | |
| 650 | 0 | |a Crítica literaria |9 269189 | |
| 583 | |a last modification |c 20160421 23:07:00 |k Rodrigo Vera | ||
| 999 | |c 363493 |d 363491 | ||
| 952 | |0 0 |1 0 |3 erd |4 0 |6 840_000000000000000_CHA_1947 |7 0 |8 P |9 475947 |a BIBEDU |b BIBEDU |c BIBEDU_PB |e Villagrán Garnham, Jorge |i 530119K |o 840 CHA 1947 |p 530119K |r 2024-01-25 |w 2019-11-24 |y BK |z Catalogado en:20160421 |k LIT | ||
| 952 | |0 0 |1 0 |3 erb |4 0 |6 840_000000000000000_CHA_1947 |7 0 |8 A |9 475948 |a BIBART |b BIBART |i 5239796 |o 840 CHA 1947 |p 5239796 |r 2025-03-13 |w 2019-11-24 |y BK |z Catalogado en:20170331 |k ART | ||